Nayika Bheda in kathak / (Record no. 33569)

MARC details
000 -LEADER
fixed length control field 00999nam a22002895a 4500
005 - DATE AND TIME OF LATEST TRANSACTION
control field 20080522115808.0
008 - FIXED-LENGTH DATA ELEMENTS--GENERAL INFORMATION
fixed length control field 080520s2008 nyu 000 0 eng
010 ## - LCCN (DPL NO)
LC control number ENG-95808
020 ## - INTERNATIONAL STANDARD BOOK NUMBER
International Standard Book Number 9788173200779
Terms of availability 1500.00
035 ## - SYSTEM CONTROL NUMBER
System control number EN-79341
037 ## - SOURCE OF ACQUISITION
Source of stock number/acquisition DBAD/PUB
040 ## - CATALOGING SOURCE
Original cataloging agency DPL
082 ## - DEWEY DECIMAL CLASSIFICATION NUMBER
Classification number 793.31954
100 ## - MAIN ENTRY--PERSONAL NAME
Personal name Jyotishi, Chetana
Dates associated with a name 1961-
245 ## - TITLE STATEMENT
Title Nayika Bheda in kathak /
Statement of responsibility, etc by Chetana Jyotishi
250 ## - EDITION STATEMENT
Edition statement .
260 ## - PUBLICATION, DISTRIBUTION, ETC. (IMPRINT)
Place of publication, distribution, etc New Delhi
Name of publisher, distributor, etc Agam Kala Prakashan
Date of publication, distribution, etc 2009
270 ## - ADDRESS
Address 34, Central Market, Ashok Vihar
City New Delhi
Postal code 110052
300 ## - PHYSICAL DESCRIPTION
Extent xvi, 236p.
Other physical details 24cm, (Hb)
490 ## - SERIES STATEMENT
Series statement Abhinava grantha mala;
Volume number/sequential designation 2 puá¹£pa
500 ## - GENERAL NOTE
General note Includes index
650 ## - SUBJECT ADDED ENTRY--TOPICAL TERM
Topical term or geographic name as entry element Kathak (Dance)
650 ## - SUBJECT ADDED ENTRY--TOPICAL TERM
Topical term or geographic name as entry element Heroines in dance.
942 ## - ADDED ENTRY ELEMENTS (KOHA)
Source of classification or shelving scheme Dewey Decimal Classification
Item type English Books
Call number suffix JYO
Classification part 793.31954
Holdings
Withdrawn status Lost status Source of classification or shelving scheme Damaged status Not for loan Collection code Home library Current library Date acquired Source of acquisition Cost, normal purchase price Total Checkouts Full call number Barcode Date last seen Copy number Cost, replacement price Koha item type
    Dewey Decimal Classification   Not For Loan Non-fiction D.B.Act.Division D.B.Act.Division 01/01/2010 DBAD/PUB 1500.00   793.31954 JYO EN-79341 09/01/2010 1 1500.00 English Books

© Delhi Public Library
Hit Counter
free hit counter